Carpentry for Building Construction / (Record no. 12115)
[ view plain ]
| 000 -LEADER | |
|---|---|
| fixed length control field | 01152pam a2200265 a 4500 |
| 001 - CONTROL NUMBER | |
| control field | 3399917 |
| 005 - DATE AND TIME OF LATEST TRANSACTION | |
| control field | 19900223110247.0 |
| 008 - FIXED-LENGTH DATA ELEMENTS--GENERAL INFORMATION | |
| fixed length control field | 890426r19891971nyua b 001 0 eng |
| 010 ## - LIBRARY OF CONGRESS CONTROL NUMBER | |
| LC control number | 89034046 |
| 020 ## - INTERNATIONAL STANDARD BOOK NUMBER | |
| International Standard Book Number | 0486260712 |
| Terms of availability | $8.95 |
| 040 ## - CATALOGING SOURCE | |
| Original cataloging agency | DLC |
| Transcribing agency | DLC |
| Modifying agency | DLC |
| 050 00 - LIBRARY OF CONGRESS CALL NUMBER | |
| Classification number | TH5606 |
| Item number | .C37 1989 |
| 082 00 - DEWEY DECIMAL CLASSIFICATION NUMBER | |
| Classification number | 624.184 |
| Edition number | 20 |
| Item number | CAP |
| 130 0# - MAIN ENTRY--UNIFORM TITLE | |
| Uniform title | Carpenter. |
| 9 (RLIN) | 7225 |
| 245 10 - TITLE STATEMENT | |
| Title | Carpentry for Building Construction / |
| Statement of responsibility, etc | by U.S. Department of the Army. |
| 260 ## - PUBLICATION, DISTRIBUTION, ETC. (IMPRINT) | |
| Place of publication, distribution, etc | New York : |
| Name of publisher, distributor, etc | Dover Publications, |
| Date of publication, distribution, etc | 1989. |
| 300 ## - PHYSICAL DESCRIPTION | |
| Extent | 1 v. (various pagings) : |
| Other physical details | ill. ; |
| Dimensions | 28 cm. |
| 500 ## - GENERAL NOTE | |
| General note | Reprint. Originally published: Carpenter. Washington, D.C. : U.S. G.P.O., 1971. Originally published in series: Technical manual / Department of the Army ; TM5-551B. |
| 504 ## - BIBLIOGRAPHY, ETC. NOTE | |
| Bibliography, etc | Includes bibliographical references. |
| 650 #0 - SUBJECT ADDED ENTRY--TOPICAL TERM | |
| Topical term or geographic name as entry element | Carpentry. |
| 9 (RLIN) | 7226 |
| 710 1# - ADDED ENTRY--CORPORATE NAME | |
| Corporate name or jurisdiction name as entry element | United States. |
| Subordinate unit | Dept. of the Army. |
| 9 (RLIN) | 7227 |
| 942 ## - ADDED ENTRY ELEMENTS (KOHA) | |
| Source of classification or shelving scheme | Dewey Decimal Classification |
| Item type | Book - Borrowing |
| Withdrawn status | Item status | Source of classification or shelving scheme | Damaged status | Not for loan | Vendor | Home library | Current library | Shelving location | Date acquired | Source of acquisition | Cost, normal purchase price | Serial Enumeration / chronology | Total Checkouts | Full call number | Barcode | Date last seen | Koha item type |
|---|---|---|---|---|---|---|---|---|---|---|---|---|---|---|---|---|---|
| Dewey Decimal Classification | Alahram | Central Library | Central Library | First floor | 30/06/2009 | 36.50 | 72 | 624.184 CAP | 000016995 | 15/07/2025 | Book - Borrowing |